Municípios da Região Metropolitana de Porto Alegre (RS) no mapa - Statistics

Estatísticas Gerais
  • Esse quiz foi jogado 514 vezes
  • A pontuação média é 19 de 34
Respostas no mapa
Respostas codificadas por cores de uma escala verde-vermelha no mapa do quiz de acordo com a % correta abaixo.
 
Estatísticas das Respostas
Município % Correto
Porto Alegre
97%
Canoas
93%
Novo Hamburgo
90%
Viamão
86%
São Leopoldo
83%
Guaíba
80%
Gravataí
74%
Alvorada
73%
Cachoeirinha
72%
Esteio
71%
Sapucaia do Sul
68%
Eldorado do Sul
59%
Sapiranga
56%
Montenegro
52%
Nova Santa Rita
52%
Dois Irmãos
49%
Santo Antônio da Patrulha
49%
Taquara
49%
Campo Bom
48%
Igrejinha
47%
Portão
46%
Ivoti
45%
Estância Velha
44%
Glorinha
44%
Arroio dos Ratos
43%
Nova Hartz
43%
Triunfo
43%
Charqueadas
41%
Parobé
41%
São Jerônimo
37%
Rolante
36%
São Sebastião do Caí
36%
Araricá
29%
Capela de Santana
29%
Nenhum quiz correspondente encontrado
Distribuição das Pontuações
Porcentagem de Pessoas com Cada Pontuação
Percentil de Números Respondidos
Sua Pontuação Histórica
Você não jogou esse quiz